Αιολικά φύλλα περιοδικό λόγου και τέχνης.

Saved in:
Bibliographic Details
Format: Journal
Language:Greek
Published: Μυτιλήνη : Εταιρεία Αιολικών Μελετών, 1986-1998.
Subjects:
Tags: Add Tag
No Tags, Be the first to tag this record!

MARC

LEADER 00000cas a2200000 a 4500
001 1/116067
008 180312d19861998gr qr|p|r|||||| ||gre||
022 |a 1105-8382 
040 |a GR-MyUa  |b gre  |c GR-MyUa  |e AACR2 
041 0 |a gre 
082 7 |a 889   |2 (23) 
245 0 0 |a Αιολικά φύλλα   |h [περιοδικό] :   |b περιοδικό λόγου και τέχνης.  
260 |a Μυτιλήνη :   |b Εταιρεία Αιολικών Μελετών,   |c 1986-1998.  
300 |a Τεύχ. ;   |c 19 εκ.  
310 |a Τριμηνιαίο,   |b 1986-1998.  
362 0 |a Τεύχ. Α (Απρ. 1986)-Τεύχ.51 (Οκτ. 1998) 
515 |a Η αρίθμηση των τευχών ξεκίνησε αλφαβητικά τον πρώτο χρόνο και άλλαξε σε αριθμούς από τον δεύτερο χρόνο και μετά.  
588 |a Περιγραφή από το πρωτότυπο.  
651 0 |a Lesbos (Greece : Municipality)  |x Intellectual life. 
853 |a INST  |b LESVOS  |c SER  |h 889 
920 |a Εταιρεία Αιολικών Μελετών  |y Λέσβος  |z 1986-1998 
970 |a Τζαφέρη  |b Ευαγγελία  |z 12-03-2018